Viacparametrická optimalizácia prevádzkových podmienok membránových hybridných systémov na výrobu fenylacetaldehydu

Saved in:
Bibliographic Details
Main Author: Paleš, Emilia-Jana (Author)
Other Authors: Mihaľ, Mário (Thesis advisor)
Format: Manuscript Book
Language:Slovak
Published: 2024
Subjects:
Online Access:http://is.stuba.sk/zp/portal_zp.pl?podrobnosti=176620
Tags: Add Tag
No Tags, Be the first to tag this record!

MARC

LEADER 00000ntm a22000003a 4500
001 stuzp99159
003 SK-STU
005 20240601210506.1
007 ta
008 150427s2015----xo-----f-mn---000-0-slo-d
040 |a STU  |b slo 
041 0 |a slo 
100 1 |a Paleš, Emilia-Jana  |u 046230  |4 aut  |U FCHPT Ústav chemického a environmentálneho inžinierstva  |T FCHPT Oddelenie chemického a biochemického inžinierstva  |X 105390  |U C6230  |Y 119  |7 105390 
242 0 1 |a Multiparametric optimization of operating conditions of membrane hybrid systems for phenylacetaldehyde production  |y eng 
245 1 0 |a Viacparametrická optimalizácia prevádzkových podmienok membránových hybridných systémov na výrobu fenylacetaldehydu 
260 |c 2024 
650 4 |a fenylacetaldehyd  |2 slo 
650 4 |a membránový hybridný systém  |2 slo 
650 4 |a optimalizácia  |2 slo 
650 4 |a genetický algoritmus  |2 slo 
650 4 |a optimization  |2 eng 
650 4 |a genetic algorithm  |2 eng 
650 4 |a membrane hybrid system  |2 eng 
650 4 |a phenylacetaldehyde  |2 eng 
700 1 |a Mihaľ, Mário  |u 046230  |k Z1  |4 ths  |U FCHPT Ústav chemického a environmentálneho inžinierstva  |T FCHPT Oddelenie chemického a biochemického inžinierstva  |X 21569  |U C6230  |Y 119  |7 A0000021569 
856 4 |u http://is.stuba.sk/zp/portal_zp.pl?podrobnosti=176620